00438nam a22001577a 450000500170000001000130001702000250003003500130005503700100006808200060007810000240008424500480010826000310015627000650018730000280025220111005112638.0 aG-001705 c70.00a97881747804851daG-001705 bGift  aS aSubramaniam, Neela E aBook of fairy tales /cby Neela Subramaniam aChennaibSura Books c200? a1620 , T Block, 16th Main Road, Anna Nagar,bChennaie600040 av-5 (108p. )c26cm(pbk)